El aporte de los partidos políticos en la formación de estrategias integrales para el desarrollo nacional: ¿es idóneo? /
El presente artículo revisa críticamente cuáles son los grandes supuestos ideológicos y programáticos que los partidos políticos en Costa Rica utilizan en sus propuestas electorales, y cuáles debilidades de fondo las caracterizan de cara a un marco constitucional y sociopolítico superior que no pued...
Guardat en:
| Autor principal: | |
|---|---|
| Format: | Text |
| Matèries: | |
| Etiquetes: |
Afegir etiqueta
Sense etiquetes, Sigues el primer a etiquetar aquest registre!
|
MARC
| LEADER | 00000 a a2200000 04500 | ||
|---|---|---|---|
| 001 | 3052 | ||
| 003 | |||
| 040 | |||
| 100 | |a Meoño Segura, Johnny | ||
| 245 | |a El aporte de los partidos políticos en la formación de estrategias integrales para el desarrollo nacional: |b ¿es idóneo? / |c Johnny Meoño Segura | ||
| 520 | |a El presente artículo revisa críticamente cuáles son los grandes supuestos ideológicos y programáticos que los partidos políticos en Costa Rica utilizan en sus propuestas electorales, y cuáles debilidades de fondo las caracterizan de cara a un marco constitucional y sociopolítico superior que no puede ser ignorado en tales análisis y propuesta sin causar la gran inestabilidad en el desarrollo del país que se demuestra ha sido causada | ||
| 650 | |a PARTIDOS POLITICOS | ||
| 650 | |a PROGRAMAS | ||
| 650 | |a ELECCIONES | ||
| 650 | |a PLAN DE DESARROLLO | ||
| 650 | |a ASPECTOS JURIDICOS | ||
| 650 | |a COSTA RICA | ||
| 773 | |g volumen 26, número 1; páginas 351-378 | ||
| 999 | |c 34101 |d 34101 | ||
